000 01049cam a2200325I 4500
001 26414
003 BD-RjUL
005 20211209051020.0
008 140322s1936 enkacf 001 0 eng d
035 _a(BD-RjUL)26484
035 _a(OCoLC)01332416
040 _aVTU
_cVTU
_dOCL
_dBD-RjUL
_beng
041 _aeng
082 _a954
_bSLS 1936
092 _bS15s
100 1 _aSlater, Gilbert,
_d1864-1938.
_974093
245 1 0 _aSouthern India : its political and economic problems /
_cby Gilbert Slater with a foreword by the Most Hon. the Marquess of Willingdon.
260 _aLondon :
_bG. Allen & Unwin,
_c1936.
300 _a[6] 383 p. :
_billus., plates, ports. ;
_c21 cm.
504 _aIncludes index.
650 _aIndia.
_981217
651 0 _aIndia.
_981218
651 0 _aIndia
_xEconomic conditions
_y1918-1947.
_98338
651 0 _aIndia
_xSocial conditions.
_981219
651 0 _aIndia
_xPolitics and government
_y1919-1947.
_981220
942 _2ddc
_cBK
946 _at
949 _ac
_p39080020366867
999 _c26414
_d26414